Sửa chữa Diezel tàu thủy

Đã lưu trong:
書目詳細資料
主要作者: V M Selutrenco
格式: 圖書
語言:Undetermined
出版: Hà Nội Công nhân kĩ thuật 1978
標簽: 添加標簽
沒有標簽, 成為第一個標記此記錄!
Thư viện lưu trữ: Trung tâm Học liệu Trường Đại học Cần Thơ
LEADER 00491nam a2200169Ia 4500
001 CTU_14229
008 210402s9999 xx 000 0 und d
082 |a 623.8208 
082 |b S544 
100 |a V M Selutrenco 
245 0 |a Sửa chữa Diezel tàu thủy 
245 0 |c V M Selutrenco 
260 |a Hà Nội 
260 |b Công nhân kĩ thuật 
260 |c 1978 
904 |i Nguyễn Quang Điền, 961230 
980 |a Trung tâm Học liệu Trường Đại học Cần Thơ